[Event "ch-FRA Blitz Online Qual"]
[Site "Europe-Chess INT"]
[Date "2020.05.16"]
[Round "1"]
[White "Perrin, Antoine"]
[Black "Gheorghin, Felix"]
[Result "1-0"]
[WhiteElo "1967"]
[BlackElo "1310"]
[WhiteFideId "45127255"]
[BlackFideId "651027240"]
[EventDate "2020.05.16"]

1. e4 c5 2. Nf3 d6 3. d4 cxd4 4. Nxd4 Nf6 5. Nc3 a6 6. f3 e5 7. Nb3 Be6 8. Be3
Be7 9. Qd2 d5 10. exd5 Nxd5 11. Nxd5 Bxd5 12. O-O-O Bg5 13. Bxg5 f6 14. Qxd5
Qxd5 15. Rxd5 fxg5 16. Rxe5+ Kf7 17. Bc4+ Kf6 18. Rhe1 Nc6 19. Re6+ Kf5 20. g3
Nd8 21. Bd3# 1-0

[Event "ch-FRA Blitz Online Qual"]
[Site "Europe-Chess INT"]
[Date "2020.05.16"]
[Round "1"]
[White "Nguyen, Theo"]
[Black "Monnot, Leo"]
[Result "0-1"]
[WhiteElo "1309"]
[BlackElo "1964"]
[WhiteFideId "551068591"]
[BlackFideId "26093103"]
[EventDate "2020.05.16"]

1. d4 d5 2. Nf3 Nf6 3. g3 Bg4 4. Bg2 e6 5. O-O Be7 6. b3 O-O 7. Bb2 c5 8. e3 Nc6
9. Nbd2 Rc8 10. Rc1 a5 11. c4 cxd4 12. exd4 Nb4 13. a3 Nd3 14. Rb1 Nxb2 15. Rxb2
Bxa3 16. Ra2 Bb4 17. h3 Bxf3 18. Nxf3 dxc4 19. bxc4 Rxc4 20. Qe2 b5 21. Rb1 Nd5
22. Ne5 Nc3 23. Qf1 Nxa2 24. Nxc4 bxc4 25. Qxc4 Nc3 26. Rc1 Qxd4 27. Qf1 a4 28.
Kh2 a3 29. Ra1 a2 30. Bf3 Bc5 31. Kg2 Rb8 32. Qa6 Qxf2+ 33. Kh1 Qxf3+ 34. Kh2
Rb2+ 35. Qe2 Rxe2# 0-1

[Event "ch-FRA Blitz Online Qual"]
[Site "Europe-Chess INT"]
[Date "2020.05.16"]
[Round "1"]
[White "Burgalat, Eliot"]
[Black "Anas, Jacques"]
[Result "1-0"]
[WhiteElo "1963"]
[BlackElo "1304"]
[WhiteFideId "36068659"]
[BlackFideId "36094552"]
[EventDate "2020.05.16"]

1. Nf3 e6 2. d4 d6 3. c4 c6 4. Nc3 Nd7 5. g3 f5 6. Bg2 Ngf6 7. O-O e5 8. dxe5
dxe5 9. Re1 Bb4 10. Qb3 c5 11. a3 Bxc3 12. Qxc3 O-O 13. Nxe5 Nxe5 14. Qxe5 Re8
15. Qxc5 Ne4 16. Qd5+ Qxd5 17. cxd5 Ng5 18. Bxg5 Bd7 19. Rac1 Re5 20. Bf4 Rxd5
21. Bxd5+ Kh8 22. Red1 Rf8 23. Bxb7 Ba4 24. Rd4 Bc6 25. Rxc6 Rf6 26. Rd8+ Rf8
27. Rxf8# 1-0

[Event "ch-FRA Blitz Online Qual"]
[Site "Europe-Chess INT"]
[Date "2020.05.16"]
[Round "1"]
[White "Gretry, Patrice"]
[Black "Coutton, Aurelien"]
[Result "1-0"]
[WhiteElo "2017"]
[BlackElo "1211"]
[WhiteFideId "624675"]
[BlackFideId "45121443"]
[EventDate "2020.05.16"]

1. e4 c5 2. Nf3 d6 3. d4 cxd4 4. Nxd4 Nf6 5. Nc3 a6 6. Be3 Ng4 7. Bg5 h6 8. Bh4
g5 9. Be2 gxh4 10. Bxg4 e5 11. Nf5 Qg5 12. Bh3 Bxf5 13. exf5 Be7 14. Ne4 Qg7 15.
Nxd6+ Bxd6 16. Qxd6 Nd7 17. O-O-O Rd8 18. f6 Qg5+ 19. Kb1 e4 20. Qe7# 1-0

[Event "ch-FRA Blitz Online Qual"]
[Site "Europe-Chess INT"]
[Date "2020.05.16"]
[Round "1"]
[White "Kosciusko-Morizet, Antoine"]
[Black "Zienkiewicz, Jan"]
[Result "1/2-1/2"]
[WhiteElo "1293"]
[BlackElo "1914"]
[WhiteFideId "45166749"]
[BlackFideId "45116768"]
[EventDate "2020.05.16"]

1. e4 c5 2. Nc3 Nc6 3. Bb5 Nd4 4. f4 Nxb5 5. Nxb5 g6 6. Nf3 Bg7 7. d3 d6 8. Nc3
Nf6 9. O-O O-O 10. Qe1 Rb8 11. h3 b5 12. a3 a5 13. Bd2 b4 14. axb4 axb4 15. Na4
Bd7 16. e5 dxe5 17. fxe5 Nd5 18. Nxc5 Qc7 19. Na6 Qb6+ 20. Kh1 Bc8 21. Nxb8 Qxb8
22. Ra4 Bd7 23. Ra1 Qc8 24. c3 bxc3 25. Bxc3 Nf4 26. Qe3 Nh5 27. Kh2 Bh8 28. Ng5
Ng7 29. e6 Bxe6 30. Bxg7 Bxg7 31. Nxe6 fxe6 32. Rxf8+ Bxf8 33. Re1 Qc7+ 34. Kh1
Kf7 35. Qxe6+ Kg7 36. Qe5+ Qxe5 37. Rxe5 Kf6 38. Ra5 Bh6 39. b4 Bd2 40. Ra4 Ke5
41. b5 Kd5 42. Ra1 e5 43. Rb1 e4 44. dxe4+ Kxe4 45. b6 Bf4 46. b7 Bb8 47. Kg1
Kd5 48. Kf2 Kd6 49. Kf3 Kd7 50. Ke4 h6 51. g4 h5 52. gxh5 gxh5 53. Rb5 Kc6 54.
Rxh5 Kxb7 55. Rh7+ Kc6 56. h4 Kd6 57. Rh6+ Ke7 58. Rh7+ Kf6 59. Rh6+ Kg7 60. Rb6
Bg3 61. h5 Bf2 62. Rg6+ Kh7 63. Re6 Be1 64. Kf5 Bd2 65. Re7+ Kh6 66. Kg4 Bc1 67.
Re6+ Kh7 68. Kf5 Bd2 69. Kg4 Bc1 70. Re7+ Kh6 71. Re1 Bd2 72. Rd1 Be3 73. Rd3
Bc1 74. Rd6+ Kh7 75. Kf5 Be3 76. Re6 Bc1 77. Rg6 Bb2 78. Ke6 Bc1 79. Kf7 Bd2 80.
Rg7+ Kh6 81. Rg2 Bf4 82. Rf2 Bg3 83. Rg2 Be5 84. Re2 Bc7 85. Rc2 Bf4 86. Rc5 Bg5
87. Rc2 Kxh5 88. Rh2+ Kg4 89. Rg2+ Kh4 90. Kg6 Be3 91. Rh2+ Kg3 92. Re2 Bf2 93.
Re5 Kg2 94. Rg5+ Kh1 95. Kf5 Bg1 96. Rh5+ Bh2 97. Kg4 Kg1 98. Kf3 Kh1 99. Rg5
Bb8 100. Kf2 Bh2 101. Kf1 Bb8 102. Rg1+ Kh2 103. Rg2+ Kh1 104. Rg8 Bh2 105. Kf2
Bc7 106. Rg7 Bh2 107. Rg2 Bc7 108. Kf1 Bh2 109. Rg7 Bb8 110. Kf2 Bh2 111. Kf3
Bb8 112. Rh7+ Bh2 113. Kg4 Kg2 114. Rb7 Kh1 115. Rb1+ Bg1 116. Rb3 Kg2 117. Rg3+
Kh1 118. Rh3+ Kg2 119. Rg3+ Kh1 120. Rc3 Kg2 121. Rc2+ Kh1 122. Kh3 Ba7 123.
Rc1+ Bg1 124. Rc7 Bb6 125. Rc6 Bg1 126. Kg3 Ba7 127. Rh6+ Kg1 128. Ra6 Bf2+ 129.
Kh3 Kh1 130. Ra1+ Bg1 131. Ra3 Bc5 132. Rc3 Bg1 133. Kg3 Bd4 134. Rd3 Bg1 135.
Kf4 Kg2 136. Rg3+ Kh1 137. Rh3+ Kg2 1/2-1/2

[Event "ch-FRA Blitz Online Qual"]
[Site "Europe-Chess INT"]
[Date "2020.05.16"]
[Round "1"]
[White "Joly, Julien"]
[Black "Hegedus, Pascal"]
[Result "1-0"]
[WhiteElo "2188"]
[BlackElo "1283"]
[WhiteFideId "26082284"]
[BlackFideId "20604289"]
[EventDate "2020.05.16"]

1. e4 c5 2. Nf3 e6 3. g3 d6 4. Bg2 Nc6 5. O-O Be7 6. c3 Qc7 7. d4 cxd4 8. cxd4
Nf6 9. Nc3 O-O 10. h3 a6 11. a4 b6 12. Re1 Ra7 13. Bf4 Bb7 14. Rc1 Qd8 15. Qe2
Re8 16. d5 e5 17. dxc6 exf4 18. cxb7 Rxb7 19. gxf4 Nd7 20. Nd5 Nc5 21. b4 Nxa4
22. Qxa6 Qa8 23. Qxa8 Rxa8 24. e5 Kf8 25. exd6 Bxd6 26. Ne5 Bxe5 27. fxe5 Re7
28. Nxe7 Kxe7 29. Bxa8 1-0

[Event "ch-FRA Blitz Online Qual"]
[Site "Europe-Chess INT"]
[Date "2020.05.16"]
[Round "1"]
[White "Hwang, Daniel"]
[Black "Zanin, Dario"]
[Result "0-1"]
[WhiteElo "1557"]
[BlackElo "1918"]
[WhiteFideId "45136890"]
[BlackFideId "615919"]
[EventDate "2020.05.16"]

1. e4 e5 2. Bc4 Nf6 3. Nc3 Bc5 4. d3 d6 5. h3 h6 6. f4 Bxg1 7. Rxg1 Nc6 8. f5
Na5 9. Bb3 Nxb3 10. axb3 a6 11. Be3 d5 12. Bd2 d4 13. Ne2 c5 14. Ng3 Bd7 15. Nh5
Nxh5 16. Qxh5 Qf6 17. g4 O-O-O 18. g5 hxg5 19. Qxg5 Qxg5 20. Bxg5 f6 21. Bd2
Rxh3 22. O-O-O Rh7 23. b4 b6 24. bxc5 bxc5 25. b3 Rg8 26. Kb2 Be8 27. Ra1 Kb7
28. Rgf1 Bb5 29. Ra2 Rh2 30. Be1 Re2 31. Kb1 g6 32. fxg6 Rxg6 33. Kc1 Rgg2 34.
Kd1 Bxd3 35. cxd3 Rxa2 36. Rxf6 Ra1# 0-1

[Event "ch-FRA Blitz Online Qual"]
[Site "Europe-Chess INT"]
[Date "2020.05.16"]
[Round "1"]
[White "Babaud, Antoine"]
[Black "Langer, Karele"]
[Result "1-0"]
[WhiteElo "1943"]
[BlackElo "1282"]
[WhiteFideId "45185484"]
[BlackFideId "551017938"]
[EventDate "2020.05.16"]

1. e4 c5 2. Nf3 e6 3. d4 cxd4 4. Nxd4 d6 5. Nc3 Nc6 6. Ndb5 a6 7. Nd4 Nxd4 8.
Qxd4 Nf6 9. Be2 Be7 10. O-O O-O 11. Be3 Bd7 12. Rfd1 Bc6 13. f3 Qc7 14. Bf1 Rad8
15. Rac1 Rd7 16. Qd2 Rfd8 17. Qf2 d5 18. Bb6 Qc8 19. Bxd8 Qxd8 20. exd5 exd5 21.
Ne2 b6 22. c3 h6 23. Kh1 Bc5 24. Nd4 Bxd4 25. Qxd4 Re7 26. Bxa6 Re6 27. Re1
Rxe1+ 28. Rxe1 b5 29. Qc5 Qa8 30. Bxb5 Bxb5 31. Qxb5 Qxa2 32. h3 Qa8 33. Qd3 Qb7
34. b4 Qc6 35. Rb1 Qb6 36. c4 dxc4 37. Qxc4 Qb7 38. b5 Nd7 39. Qc6 Nc5 40. Qxc5
g6 41. Qc6 Qb8 42. b6 Kf8 43. Qc7 Qxc7 44. bxc7 Ke7 45. c8=Q 1-0

[Event "ch-FRA Blitz Online Qual"]
[Site "Europe-Chess INT"]
[Date "2020.05.16"]
[Round "1"]
[White "Naillou, Jean-Marc"]
[Black "Blachon, Pascal"]
[Result "0-1"]
[WhiteElo "1449"]
[BlackElo "1955"]
[WhiteFideId "36047724"]
[BlackFideId "636320"]
[EventDate "2020.05.16"]

1. e4 d5 2. exd5 c6 3. dxc6 Nxc6 4. Nc3 Nf6 5. d3 e5 6. g3 h6 7. Bg2 Bc5 8. Nge2
O-O 9. O-O a6 10. Be3 Bxe3 11. fxe3 Qb6 12. Qc1 Ng4 13. Rf3 Be6 14. Kh1 Rfd8 15.
e4 Nf2+ 16. Rxf2 Qxf2 17. Qf1 Qb6 18. b3 Rac8 19. Nd5 Bxd5 20. exd5 Nd4 21. Nxd4
Qxd4 22. Re1 Rxc2 23. Re2 Rxe2 24. Qxe2 Rc8 25. h4 Rc3 26. Be4 g6 27. Qg4 Kg7
28. Bxg6 0-1

[Event "ch-FRA Blitz Online Qual"]
[Site "Europe-Chess INT"]
[Date "2020.05.16"]
[Round "1"]
[White "Nomel, Mathis"]
[Black "Partac, Elena"]
[Result "0-1"]
[BlackTitle "WGM"]
[WhiteElo "1262"]
[BlackElo "2079"]
[WhiteFideId "36054399"]
[BlackFideId "13901001"]
[EventDate "2020.05.16"]

1. e4 c5 2. Nf3 e6 3. Nc3 Nc6 4. Be2 d6 5. O-O e5 6. d3 Nf6 7. h3 Be7 8. Be3 O-O
9. Nd5 Nxd5 10. exd5 Nd4 11. c3 Nxe2+ 12. Qxe2 f5 13. d4 cxd4 14. cxd4 e4 15.
Nd2 f4 16. Nxe4 fxe3 17. Qxe3 Bf5 18. Nc3 Bg5 19. Qe1 Qf6 20. Rd1 Rae8 21. Ne2
Bxh3 22. gxh3 Qf3 23. Rd2 Bxd2 24. Qxd2 Rxe2 0-1

[Event "ch-FRA Blitz Online Qual"]
[Site "Europe-Chess INT"]
[Date "2020.05.16"]
[Round "1"]
[White "Lavanant, Alexandre"]
[Black "Dincov, Ioan"]
[Result "1-0"]
[WhiteElo "1937"]
[BlackElo "1549"]
[WhiteFideId "654949"]
[BlackFideId "45118612"]
[EventDate "2020.05.16"]

1. d4 e5 2. dxe5 Nc6 3. Nf3 Qe7 4. Bf4 Qb4+ 5. Bd2 Qxb2 6. Nc3 Bb4 7. Rb1 Qa3 8.
Nb5 Bxd2+ 9. Qxd2 Qxa2 10. Rc1 Kd8 11. e3 Qa5 12. Qxa5 Nxa5 13. Bd3 Ne7 14. O-O
Ng6 15. Rfd1 Nc6 16. Bxg6 fxg6 17. e6 d6 18. Ng5 Ke7 19. Nxc7 Rb8 20. Nd5+ Ke8
21. Nf7 Rf8 22. Nxd6+ Kd8 23. Nf4 Ke7 24. Nxc8+ Rbxc8 25. Rd7+ Kf6 26. Rxb7 g5
27. Nh5+ Kg6 28. Ng3 Rfe8 29. Rd1 Rxe6 30. Rdd7 Rd8 31. Rxg7+ Kf6 32. Rbf7+ Ke5
33. Rxg5+ Kd6 34. Nf5+ Kc5 35. Nd4+ Kb6 36. g3 Nxd4 37. exd4 Rxd4 38. Rxh7 Rd2
39. Kg2 Rxc2 40. Rf5 a5 41. Rhh5 a4 42. Rb5+ Kc6 43. Ra5 Ree2 44. Rhf5 Rc4 45.
Rf6+ Kb7 46. Rb5+ Kc7 47. Ra5 Kd7 48. Ra7+ Ke8 49. Rh6 Re7 50. Rh8+ Kf7 51. Rh7+
Kg6 52. Rhxe7 1-0

[Event "ch-FRA Blitz Online Qual"]
[Site "Europe-Chess INT"]
[Date "2020.05.16"]
[Round "1"]
[White "Paralieu, Maxime"]
[Black "Roux, Baptiste"]
[Result "0-1"]
[WhiteElo "1569"]
[BlackElo "2145"]
[WhiteFideId "45154171"]
[BlackFideId "36017450"]
[EventDate "2020.05.16"]

1. d4 d5 2. c4 dxc4 3. Nf3 Nf6 4. e3 a6 5. Bxc4 b5 6. Be2 Bb7 7. O-O e6 8. a3
Nbd7 9. Nc3 c5 10. Qc2 Qb8 11. Rd1 Bd6 12. h3 O-O 13. e4 cxd4 14. Nxd4 Bh2+ 15.
Kh1 Bf4 16. Bxf4 Qxf4 17. Bf3 Ne5 18. Qd2 Qh4 19. Qe3 Neg4 20. Bxg4 Nxg4 21. Qf3
Nxf2+ 22. Kg1 Nxd1 23. Rxd1 Rad8 24. Qe3 Rd7 25. Rf1 Rfd8 26. Nf3 Qe7 27. Kh2 e5
28. Ng5 f6 29. Nf3 Qe6 30. Kg1 Rd3 31. Qf2 h6 32. Kh1 Qf7 33. Kg1 Qe6 34. Kh1
Qb3 35. Kg1 R3d7 36. Kh1 a5 37. Kg1 b4 38. axb4 axb4 39. Ne2 Bxe4 40. Ng3 Bxf3
41. Qxf3 Qxf3 42. Rxf3 Rd1+ 43. Kh2 R1d2 44. Ne4 Rxb2 45. Nc5 Rdd2 46. Rg3 b3
47. Ne4 Re2 48. Nc3 Rec2 49. Na4 Rb1 50. Nb6 b2 51. Rb3 Rbc1 52. Nd5 b1=Q 53.
Rxb1 Rxb1 54. Ne3 Re2 55. Nc4 Rc1 56. Na3 Rc5 57. Nb1 Rb2 58. Na3 Rb3 0-1

[Event "ch-FRA Blitz Online Qual"]
[Site "Europe-Chess INT"]
[Date "2020.05.16"]
[Round "1"]
[White "Khachatryan, Samvel S."]
[Black "Fraile, Lucas"]
[Result "1-0"]
[WhiteElo "2179"]
[BlackElo "1276"]
[WhiteFideId "13309048"]
[BlackFideId "45146322"]
[EventDate "2020.05.16"]

1. e4 c6 2. d4 d5 3. Nc3 dxe4 4. Nxe4 Nf6 5. Nxf6+ exf6 6. Nf3 Bg4 7. Be2 Be7 8.
O-O O-O 9. c3 Nd7 10. h3 Bh5 11. Bf4 Re8 12. Re1 Bg6 13. Nh4 Be4 14. Bf3 Bxf3
15. Nxf3 Qb6 16. Qd2 Rad8 17. Re2 Bf8 18. Rae1 Rxe2 19. Rxe2 c5 20. d5 Bd6 21.
Bxd6 Qxd6 22. c4 Ne5 23. Qf4 Nxf3+ 24. Qxf3 Kf8 25. Qe4 g6 26. Qe3 Kg7 27. Qe7
Qd7 28. Qxd7 Rxd7 29. Re8 b6 30. Kf1 f5 31. f4 Kf6 32. Kf2 h6 33. h4 Kg7 34. Kf3
f6 35. h5 Kf7 36. Re6 Kg7 37. Kg3 g5 38. fxg5 fxg5 39. Kf3 Kh7 40. g3 Kg7 41.
Rg6+ Kh7 42. Rf6 Kg7 43. Rxf5 Kh7 44. g4 Kg7 45. Ke4 Re7+ 46. Re5 Rf7 47. Rf5
Re7+ 48. Kd3 Rd7 49. Re5 Rf7 50. d6 Rd7 51. Re6 Rd8 52. Rg6+ Kf7 53. Ke4 Rd7 54.
Kd5 Rb7 55. Rxh6 1-0

[Event "ch-FRA Blitz Online Qual"]
[Site "Europe-Chess INT"]
[Date "2020.05.16"]
[Round "1"]
[White "Krajewski, Thomas"]
[Black "Casas, Alexandre"]
[Result "0-1"]
[WhiteElo "1273"]
[BlackElo "1933"]
[WhiteFideId "45103429"]
[BlackFideId "45173451"]
[EventDate "2020.05.16"]

1. d4 Nf6 2. Bg5 Ne4 3. Bh4 d5 4. f3 Nd6 5. Nd2 c5 6. c3 cxd4 7. cxd4 Nc6 8. e3
Qb6 9. Qb3 e5 10. dxe5 Nxe5 11. Bg3 f6 12. Ne2 Qxb3 13. axb3 Nd3+ 14. Kd1 Bf5
15. Bxd6 Bxd6 16. e4 Bg6 17. Nc3 Nf2+ 18. Ke2 Nxh1 19. Nxd5 O-O 20. Nc4 Bc5 21.
b4 Bd4 22. Rb1 Nf2 23. Ne7+ Kh8 24. Nd6 Rae8 25. Nxg6+ hxg6 26. Nb5 Bb6 27. Nd6
Rd8 28. Nxb7 Rd7 29. Nc5 Bxc5 30. bxc5 Nd3 31. Rd1 Nxc5 32. Rxd7 Nxd7 33. Ke3
Rb8 34. b4 Rxb4 35. Bd3 Nc5 0-1

[Event "ch-FRA Blitz Online Qual"]
[Site "Europe-Chess INT"]
[Date "2020.05.16"]
[Round "1"]
[White "Cleran, Anthony"]
[Black "Noyelles, Benoit"]
[Result "1-0"]
[WhiteElo "1933"]
[BlackElo "1272"]
[WhiteFideId "626066"]
[BlackFideId "551061350"]
[EventDate "2020.05.16"]

1. e4 e5 2. f4 exf4 3. Nf3 Nc6 4. Bc4 Bc5 5. d4 Bb6 6. Bxf4 Nge7 7. c3 O-O 8.
O-O a6 9. Kh1 d6 10. Nbd2 Bg4 11. Qe1 Ng6 12. Bg5 Qd7 13. Qg3 Rae8 14. Rae1 Na5
15. Bd3 Bxf3 16. Rxf3 f6 17. Be3 Kh8 18. Ref1 c5 19. h4 cxd4 20. cxd4 Bc7 21. h5
d5 22. Qh3 Qxh3+ 23. Rxh3 Ne7 24. h6 g6 25. Rhf3 Nec6 26. e5 f5 27. a3 b5 28.
Bb1 Nc4 29. Nxc4 dxc4 30. Rd1 Na5 31. Bg5 Nb3 32. Bf6+ Kg8 33. Bc2 Na5 34. Re3
Rxf6 35. exf6 Rxe3 36. Kg1 Kf7 37. Kf2 Kxf6 38. Kxe3 Kg5 39. Kf3 Kxh6 40. d5 Kg7
41. d6 Bd8 42. Kf4 Nb7 43. Ke5 Kf7 44. Kd5 Ke8 45. Kc6 Na5+ 46. Kc5 h5 47. Re1+
Kd7 48. Bd1 Nb7+ 49. Kd5 Nxd6 50. Re6 Nb7 51. Rxa6 Bc7 52. Rxg6 Nd8 53. Bxh5 f4
54. Rg7+ Kc8 55. Bg4+ Kb7 56. Bf3 Kc8 57. Kc5 Kb8 58. Kxb5 Nb7 59. Rg8+ Ka7 60.
Bxb7 Kxb7 61. Rg7 Kc8 62. Rxc7+ Kxc7 63. Kxc4 Kd6 64. Kd4 Ke6 65. Ke4 Kd6 66.
Kxf4 Kc5 67. g4 Kb5 68. g5 Ka4 69. g6 Kb3 70. g7 Kxb2 71. g8=Q Kxa3 72. Qb8 Ka4
73. Ke4 Ka3 74. Kd4 Ka4 75. Kc4 Ka3 76. Qb3# 1-0

[Event "ch-FRA Blitz Online Qual"]
[Site "Europe-Chess INT"]
[Date "2020.05.16"]
[Round "1"]
[White "Ciarletta, Iris"]
[Black "Deschamps, Quentin"]
[Result "1-0"]
[WhiteElo "1493"]
[BlackElo "1908"]
[WhiteFideId "45133263"]
[BlackFideId "26010119"]
[EventDate "2020.05.16"]

1. d4 Nf6 2. c4 c5 3. d5 b5 4. cxb5 a6 5. bxa6 Bxa6 6. Nc3 d6 7. e4 Bxf1 8. Kxf1
g6 9. Nf3 Bg7 10. h3 O-O 11. Kg1 Nbd7 12. Kh2 Qa5 13. Bd2 Rfb8 14. b3 Qc7 15.
Re1 e6 16. dxe6 fxe6 17. Kg1 d5 18. exd5 exd5 19. Bg5 d4 20. Bxf6 Bxf6 21. Nd5
Qd8 22. Nxf6+ Qxf6 23. Qd3 Rf8 24. Qc4+ Kg7 25. Re6 Qf7 26. Rae1 Rae8 27. Rxe8
Rxe8 28. Rxe8 Qxe8 29. Qd5 Qe7 30. a4 Nf6 31. Qe5 Kf7 32. Ng5+ Ke8 33. Qb8+ Kd7
34. Qb5+ Kd8 35. Qxc5 Qe1+ 36. Kh2 Qxf2 37. Qxd4+ Qxd4 38. Ne6+ Ke7 39. Nxd4 Kd6
40. b4 Nd5 41. b5 Kc5 42. Nc6 Nc3 43. a5 Kxb5 44. Ne5 Kxa5 45. Nd7 Nd5 46. Nf8
Nf6 47. g4 Kb5 48. g5 Nh5 49. Nxh7 Kc5 50. Nf8 Nf4 51. Kg3 Ne2+ 52. Kg4 Kd6 53.
Nxg6 Ke6 54. Nf4+ Nxf4 55. Kxf4 Kf7 56. Kf5 Kg7 57. h4 Kh7 58. h5 Kg7 59. Ke6
Kh7 60. Kf6 Kh8 61. h6 Kh7 62. g6+ Kg8 63. h7+ Kh8 64. g7+ Kxh7 65. Kf7 Kh6 66.
g8=Q Kh5 67. Qg2 Kh4 68. Kf6 Kh5 69. Qg5# 1-0

[Event "ch-FRA Blitz Online Qual"]
[Site "Europe-Chess INT"]
[Date "2020.05.16"]
[Round "1"]
[White "Briand, Amaury"]
[Black "Citores, Mathis"]
[Result "1-0"]
[WhiteElo "1929"]
[BlackElo "1288"]
[WhiteFideId "36054968"]
[BlackFideId "45148350"]
[EventDate "2020.05.16"]

1. e4 e5 2. Nf3 Nc6 3. Bc4 Bc5 4. c3 Nf6 5. d4 exd4 6. e5 Nxe5 7. Nxe5 Qe7 8.
O-O O-O 9. cxd4 Bd6 10. Re1 Re8 11. Nc3 a6 12. Bxf7+ Kf8 13. Bxe8 Qxe8 14. Bg5
h6 15. Bxf6 gxf6 16. Ng4 Qh5 17. h3 Bf4 18. Nxf6 Qf5 19. Ncd5 c6 20. Re8+ Kf7
21. Re7+ Kg6 22. Nxf4+ Qxf4 23. Qh5+ Kxf6 24. Qf7+ Kg5 25. Re5+ Qxe5 26. dxe5 d5
27. f4+ Kh4 28. Kh2 h5 29. g3# 1-0

[Event "ch-FRA Blitz Online Qual"]
[Site "Europe-Chess INT"]
[Date "2020.05.16"]
[Round "1"]
[White "Bachy, Louis"]
[Black "Baudouin, Simon"]
[Result "0-1"]
[WhiteElo "1264"]
[BlackElo "1926"]
[WhiteFideId "45161178"]
[BlackFideId "36051284"]
[EventDate "2020.05.16"]

1. e4 c5 2. Nc3 d6 3. f4 g6 4. Bc4 Bg7 5. Nf3 Nc6 6. O-O Nf6 7. d3 O-O 8. Qe1
Nd4 9. f5 Nxc2 10. Qh4 Nxa1 11. fxg6 hxg6 12. Bh6 b5 13. Bd5 Nxd5 14. Nxd5 f6
15. Rxa1 Be6 16. Nf4 Bf7 17. Rf1 e5 18. Bxg7 Kxg7 19. Ne2 Be6 20. Ng3 Rh8 21.
Nf5+ Bxf5 22. Qg3 Be6 23. Nh4 Bf7 24. Qg4 Rxh4 25. Qxh4 Qe7 26. Rf3 Rh8 27. Qg3
d5 0-1

[Event "ch-FRA Blitz Online Qual"]
[Site "Europe-Chess INT"]
[Date "2020.05.16"]
[Round "1"]
[White "Le Neindre, Yael"]
[Black "Cocogne, Ludovic"]
[Result "0-1"]
[WhiteElo "1258"]
[BlackElo "1924"]
[WhiteFideId "551064260"]
[BlackFideId "644536"]
[EventDate "2020.05.16"]

1. d4 Nf6 2. c4 c5 3. Nc3 e6 4. d5 exd5 5. cxd5 d6 6. Nf3 g6 7. Bg5 Bg7 8. e4
O-O 9. Bd3 a6 10. O-O b5 11. a3 Qc7 12. Rc1 Re8 13. Re1 Bg4 14. h3 Bxf3 15. Qxf3
Nbd7 16. Bh4 Ne5 17. Qe3 Nxd3 18. Qxd3 Nd7 19. Qf3 Ne5 20. Qe3 Nc4 21. Qe2 Ne5
22. Bg3 Rac8 23. f4 Nd7 24. Qf3 b4 25. axb4 cxb4 26. Ne2 Qa7+ 27. Bf2 Qb7 28.
Kh1 Bxb2 29. Rb1 Bg7 30. Qb3 a5 31. Ra1 Nc5 32. Qc2 Bxa1 33. Bxc5 Rxc5 34. Qa4
Bg7 35. Rb1 Rxe4 36. Ng3 Re3 37. Nf1 Rec3 0-1

[Event "ch-FRA Blitz Online Qual"]
[Site "Europe-Chess INT"]
[Date "2020.05.16"]
[Round "1"]
[White "Colette, Thierry"]
[Black "Sesia, Noah"]
[Result "0-1"]
[WhiteElo "1411"]
[BlackElo "1822"]
[WhiteFideId "36056758"]
[BlackFideId "26066904"]
[EventDate "2020.05.16"]

1. e4 e6 2. d4 d5 3. Nd2 Nf6 4. e5 Nfd7 5. Ngf3 c5 6. c3 Nc6 7. Be2 Qb6 8. Nb3
Be7 9. O-O O-O 10. Re1 a5 11. dxc5 Nxc5 12. Nxc5 Bxc5 13. Rf1 d4 14. Qc2 g6 15.
Bh6 Re8 16. Qd2 dxc3 17. Qxc3 Bf8 18. Bg5 Bg7 19. Bf6 Ne7 20. Qd2 Nd5 21. b3
Nxf6 22. exf6 Bxf6 23. Qh6 Bg7 24. Qh3 e5 25. Ng5 Bxh3 26. gxh3 e4 27. Bg4 h6
28. Nxf7 Kxf7 29. Bd7 Re7 30. Bg4 h5 31. Be2 Bf6 32. Bc4+ Kg7 33. Rad1 e3 34.
fxe3 Qxe3+ 35. Kh1 Rf8 36. Rd3 Qe4+ 37. Kg1 Bd4+ 0-1

[Event "ch-FRA Blitz Online Qual"]
[Site "Europe-Chess INT"]
[Date "2020.05.16"]
[Round "1"]
[White "Robert, Yoann"]
[Black "Rafalimanana, Hary"]
[Result "1-0"]
[WhiteElo "2071"]
[BlackElo "1238"]
[WhiteFideId "36018805"]
[BlackFideId "551039257"]
[EventDate "2020.05.16"]

1. b3 d5 2. Bb2 Nf6 3. e3 Bf5 4. Nf3 Nc6 5. h3 a6 6. g4 Bg6 7. d3 Qd7 8. Bg2
O-O-O 9. Qe2 h5 10. g5 Ne8 11. h4 Rg8 12. Nbd2 f6 13. a3 Kb8 14. b4 Na7 15. Bh3
Qc6 16. Nd4 Qd6 17. Ne6 Nc6 18. Nxd8 Nxd8 19. e4 e5 20. exd5 Qxd5 21. O-O-O 1-0

[Event "ch-FRA Blitz Online Qual"]
[Site "Europe-Chess INT"]
[Date "2020.05.16"]
[Round "1"]
[White "Ogier, Daniil"]
[Black "Eveno, Nathan"]
[Result "0-1"]
[WhiteElo "1059"]
[BlackElo "2069"]
[WhiteFideId "45187398"]
[BlackFideId "45132178"]
[EventDate "2020.05.16"]

1. Nf3 d5 2. d4 e6 3. e3 c5 4. c4 Nf6 5. Nc3 a6 6. Be2 dxc4 7. Bxc4 b5 8. Be2
Bb7 9. a3 Be7 10. O-O O-O 11. dxc5 Bxc5 12. b4 Bb6 13. Bb2 Qe7 14. Rc1 Rd8 15.
Qb3 Nc6 16. Rfd1 Rxd1+ 17. Rxd1 Rd8 18. a4 Qxb4 19. Qxb4 Rxd1+ 20. Bxd1 Nxb4 21.
axb5 Nd3 22. Ba1 Kf8 23. Bc2 Nb4 24. Bb1 h6 25. Na4 Bd8 26. bxa6 Bxa6 27. Nc5
Bb5 28. Bxf6 Bxf6 29. Ne4 Be7 30. h3 Nc6 31. Kh2 f5 32. Nc3 Bc4 33. Ba2 Bxa2 34.
Nxa2 e5 35. Nc3 e4 36. Nd4 Nxd4 37. exd4 Kf7 38. Kg3 g5 39. h4 Ke6 40. hxg5 hxg5
41. Kh3 Bb4 42. Ne2 Kd5 43. g4 f4 44. Kg2 f3+ 45. Kf1 fxe2+ 46. Kxe2 Kxd4 47.
Kd1 Kd3 48. Kc1 Be1 49. Kd1 Bxf2 50. Kc1 e3 51. Kd1 e2+ 52. Kc1 e1=Q+ 53. Kb2
Qc3+ 54. Kb1 Qd2 55. Ka1 Bd4+ 56. Kb1 Qb2# 0-1

[Event "ch-FRA Blitz Online Qual"]
[Site "Europe-Chess INT"]
[Date "2020.05.16"]
[Round "1"]
[White "Neau, Julien"]
[Black "Albaladejo, Sylviane"]
[Result "1-0"]
[WhiteElo "1916"]
[BlackElo "1025"]
[WhiteFideId "631388"]
[BlackFideId "20605218"]
[EventDate "2020.05.16"]

1. d4 d5 2. c4 Nc6 3. Nc3 e6 4. Nf3 Nf6 5. Bg5 Be7 6. e3 O-O 7. h3 Ne4 8. Bxe7
Nxe7 9. Nxe4 dxe4 10. Nd2 f5 11. Be2 c6 12. Qc2 Bd7 13. f3 Be8 14. fxe4 fxe4 15.
Nxe4 Bg6 16. Bd3 Nf5 17. Qe2 Qh4+ 18. Kd2 Ng3 19. Nxg3 Bxd3 20. Kxd3 Qxg3 21.
Raf1 Qg6+ 22. Kd2 Rxf1 23. Rxf1 Rf8 24. Rxf8+ Kxf8 25. Qf3+ Kg8 26. g4 Qf7 27.
Qxf7+ Kxf7 28. Kd3 Kf6 29. Ke4 g5 30. b4 h6 31. d5 cxd5+ 32. cxd5 exd5+ 33. Kxd5
b6 34. b5 Ke7 35. Ke5 Kf7 36. Kd6 Kf6 37. e4 Kg6 38. e5 Kf7 39. Kd7 Kf8 40. e6
Kg7 41. e7 Kg6 42. e8=Q+ Kf6 43. Qe6+ Kg7 44. Ke7 h5 45. gxh5 g4 46. Qg6+ Kh8
47. h6 gxh3 48. Qg7# 1-0